| 000 | 00426nam a2200205Ia 4500 | ||
|---|---|---|---|
| 001 | 11784 | ||
| 003 | GE_BSU | ||
| 008 | 181216s||||||||xx |||||||||||||| ||und|| | ||
| 020 | _a9780144004914 | ||
| 040 | _cGE_BSU | ||
| 080 | _a821.111-32 | ||
| 100 | _aClancy,Tom | ||
| 245 | _aRed Rabbit | ||
| 260 | _aLondon | ||
| 260 | _bPenguin Books | ||
| 260 | _c2003 | ||
| 300 | _a927h.18cm. | ||
| 653 | _aRed Rabbit | ||
| 942 | _cBK | ||
| 999 |
_c44963 _d44963 |
||